000 00569nam a2200205Ia 4500
003 OSt
005 20240904120857.0
008 220927b |||||||| |||| 00| 0 eng d
020 _a0710003676
037 _cTextual
040 _aSDCL
_cSDCL
_beng
041 _2eng
_aeng
082 _aYv M0
100 _aBailey, Joe
_9433667
245 0 _aIdeas and intervention :
_b Social theory for practice /
260 _c1980.
_aLondon :
_bRoutledge & Kegan Paul,
300 _avii,156p.
942 _hYv M0
_cTEXL
_2CC
999 _c827119
_d827119